00693 2200229 4500001002100000005001700021008004100038020001800079035002400097090001900121100001900140245011600159260002900275300002900304500003100333650001200364700002400376700001800400850001200418990001600430990001700446YOGYA-0209000000004320161121100246.0 ind  a979-428-391-6 0010-020900000000043 aR 746.6bJum L aJUMENO, Nian S aLurik :bGaris-garis bertuah = the magic stripescNian S. Djemeno; penterjemah Jerry Chaimberlain, Yudi Achyadi aJakartabDjambatanc2000 avi, 156 hlmbilusc25 cm aBibliografi : hlm. 155-156 aTenunan aChaimberlain, Jerry aAkhyadi, Yudi aYOPDYOG a2604-PD/P04 a2603-PD/P.04